[Event "Muensterland Verbandsklasse-A 1213"]
[Site "Germany"]
[Date "2013.01.26"]
[Round "5.5"]
[White "Boerger, Andreas"]
[Black "Buss, Harald"]
[Result "1-0"]
[WhiteElo "1816"]
[BlackElo "1788"]
[PlyCount "123"]
[EventDate "2012.09.15"]
[EventType "team-tourn"]
[EventRounds "9"]
[EventCountry "GER"]
[SourceTitle "EXT 2015"]
[Source "ChessBase"]
[SourceDate "2014.11.20"]
[SourceVersion "1"]
[SourceVersionDate "2014.11.20"]
[SourceQuality "1"]
[WhiteTeam "Muenster SK IV"]
[BlackTeam "Muenster Indische Dame"]
[WhiteTeamCountry "GER"]
[BlackTeamCountry "GER"]

1. e4 c5 2. c4 Nc6 3. Nc3 g6 4. g3 d6 5. Bg2 Bg7 6. d3 Bd7 7. Be3 Rb8 8. Qd2 a6 9. Rb1 b5 10. Nge2 bxc4 11. dxc4 Ne5 12. b3 h5 13. h3 Qc8 14. Nf4 g5 15. Nd3 g4 16. hxg4 hxg4 17. Ke2 Rxh1 18. Rxh1 Nf3 19. Bxf3 gxf3+ 20. Kd1 Bh3 21. Nf4 Bg2 22. Rg1 Qg4 23. Kc2 Be5 24. Qd1 Nf6 25. Ncd5 Nxd5 26. Qxd5 Qd7 27. Nxg2 fxg2 28. Rxg2 Qh3 29. Rg1 a5 30. Qc6+ Kf8 31. Qc7 Rc8 32. Qxa5 Qg4 33. Kd3 f5 34. f4 fxe4+ 35. Kxe4 Qg6+ 36. Kf3 Qh5+ 37. Kf2 Bf6 38. Qd2 Ra8 39. Kg2 Qf5 40. Kf3 Qh5+ 41. g4 Qh3+ 42. Rg3 Qf1+ 43. Ke4 Qb1+ 44. Qd3 Qh1+ 45. Rf3 Rxa2 46. g5 Qh7+ 47. f5 Qh4+ 48. Kd5 Bxg5 49. Bxg5 Qxg5 50. Kc6 Qf6 51. Qd5 Qf7 52. Qxf7+ Kxf7 53. f6 Ra6+ 54. Kb7 Ra3 55. fxe7+ Kxe7 56. Kc6 Ra6+ 57. Kd5 Ra1 58. Rh3 Rd1+ 59. Kc6 Ra1 60. Re3+ Kd8 61. Kxd6 Ra5 62. Kc6 1-0

[Event "Muensterland Verbandsklasse-A 1213"]
[Site "Germany"]
[Date "2012.12.15"]
[Round "4.6"]
[White "Silies, Juergen"]
[Black "Buss, Harald"]
[Result "1/2-1/2"]
[WhiteElo "1729"]
[BlackElo "1788"]
[PlyCount "81"]
[EventDate "2012.09.15"]
[EventType "team-tourn"]
[EventRounds "9"]
[EventCountry "GER"]
[SourceTitle "EXT 2015"]
[Source "ChessBase"]
[SourceDate "2014.11.20"]
[SourceVersion "1"]
[SourceVersionDate "2014.11.20"]
[SourceQuality "1"]
[WhiteTeam "Ibbenbueren"]
[BlackTeam "Muenster Indische Dame"]
[WhiteTeamCountry "GER"]
[BlackTeamCountry "GER"]

1. f4 d5 2. b3 Nf6 3. e3 g6 4. Bb2 Bg7 5. Nf3 0-0 6. Nc3 c5 7. Ne2 Re8 8. Ng3 b6 9. Bb5 Bd7 10. Bxd7 Nbxd7 11. Ne5 e6 12. d3 Rc8 13. c4 Nb8 14. Rb1 Nc6 15. 0-0 Re7 16. Qe2 Nxe5 17. Bxe5 Rd7 18. Rbd1 Qf8 19. e4 Ne8 20. Bxg7 Qxg7 21. e5 Nc7 22. Nh1 h5 23. Nf2 Rcd8 24. a3 Qf8 25. g4 Qh6 26. g5 Qf8 27. Qf3 Qe7 28. Kg2 Ne8 29. Rfe1 Ng7 30. cxd5 exd5 31. Qe2 Qe6 32. d4 cxd4 33. Rxd4 Nf5 34. Rd3 Rc7 35. Red1 Kg7 36. Ne4 d4 37. Ng3 Qc6+ 38. Kf2 Nh4 39. Qe4 Qc2+ 40. R1d2 Qc5 41. b4 1/2-1/2

[Event "Muensterland Verbandsklasse-B 0708"]
[Site "Germany"]
[Date "2007.11.17"]
[Round "3.3"]
[White "Buss, Harald"]
[Black "Werremeyer, Achim"]
[Result "0-1"]
[WhiteElo "1826"]
[BlackElo "1781"]
[PlyCount "92"]
[EventDate "2007.09.15"]
[EventType "team-tourn"]
[EventRounds "9"]
[EventCountry "GER"]
[SourceTitle "EXT 2009"]
[Source "ChessBase"]
[SourceDate "2008.11.26"]
[SourceVersion "1"]
[SourceVersionDate "2008.11.26"]
[SourceQuality "1"]
[WhiteTeam "Muenster Indische Dame"]
[BlackTeam "Westerkappeln"]
[WhiteTeamCountry "GER"]
[BlackTeamCountry "GER"]

1. d4 Nf6 2. c4 c5 3. Nf3 cxd4 4. Nxd4 e6 5. Nc3 a6 6. e4 d6 7. Be2 Be7 8. 0-0 Nc6 9. Be3 Qc7 10. f3 Bd7 11. Rc1 Nxd4 12. Qxd4 0-0 13. Rfd1 Rac8 14. Kh1 Qb8 15. a4 Rfd8 16. Qa7 Qxa7 17. Bxa7 Bc6 18. Bb6 Re8 19. Bg1 Nd7 20. Be3 Nc5 21. Bxc5 dxc5 22. f4 Rcd8 23. Bf3 Rxd1+ 24. Rxd1 Rd8 25. Rxd8+ Bxd8 26. Kg1 Ba5 27. e5 Bxf3 28. gxf3 Bxc3 29. bxc3 f6 30. exf6 gxf6 31. Kf2 Kg7 32. Ke3 f5 33. Kf2 Kf6 34. Ke3 Ke7 35. Kf2 Kd6 36. Kg3 Kc6 37. Kh4 Kb6 38. Kg5 Ka5 39. Kh6 Kxa4 40. Kxh7 Kb3 41. Kg7 a5 42. h4 a4 43. h5 a3 44. h6 a2 45. h7 a1Q 46. h8Q Qxc3+ 0-1

[Event "Muensterland Verbandsklasse-A 0405"]
[Site "Muensterland"]
[Date "2005.03.05"]
[Round "7.3"]
[White "Mantwill, Reiner"]
[Black "Buss, Harald"]
[Result "1/2-1/2"]
[WhiteElo "1741"]
[BlackElo "1823"]
[PlyCount "98"]
[EventDate "2004.09.11"]
[EventType "team-tourn"]
[EventRounds "9"]
[EventCountry "GER"]
[SourceTitle "EXT 2006"]
[Source "ChessBase"]
[SourceDate "2005.11.24"]
[SourceVersion "1"]
[SourceVersionDate "2005.11.24"]
[SourceQuality "1"]
[WhiteTeam "Gesch II"]
[BlackTeam "Muenster Indische Dame"]
[WhiteTeamCountry "GER"]
[BlackTeamCountry "GER"]

1. d4 d6 2. c4 g6 3. Nc3 Bg7 4. Nf3 Bg4 5. e3 Nf6 6. Be2 0-0 7. 0-0 c6 8. Qc2 d5 9. b3 a6 10. Ba3 Re8 11. Rac1 e6 12. Rfd1 a5 13. h3 Bxf3 14. Bxf3 Na6 15. Qd2 Bh6 16. Ne2 Bg5 17. Nf4 Nd7 18. cxd5 exd5 19. Nd3 Nc7 20. Nc5 Nxc5 21. Bxc5 Nb5 22. a4 Nd6 23. Bxd6 Qxd6 24. Rc2 Be7 25. Rdc1 f5 26. Rc5 Qd8 27. R5c2 Qb6 28. Qd3 Qa6 29. Qd1 Ba3 30. Ra1 Be7 31. g4 fxg4 32. Bxg4 Bf6 33. Qf3 Kg7 34. Rac1 Re7 35. Qf4 Qb6 36. Rc3 Qc7 37. Qf3 h5 38. Bxh5 gxh5 39. Qxh5 Rh8 40. Qg4+ Kh6 41. Qf5 Rg7+ 42. Kf1 Qf7 43. e4 Bxd4 44. Rxc6+ bxc6 45. Rxc6+ Rg6 46. Qxf7 Rxc6 47. Qf4+ Kh7 48. exd5 Rf6 49. Qxd4 Kg6 1/2-1/2

[Event "Muensterland Verbandsklasse-A 0405"]
[Site "Muensterland"]
[Date "2004.11.06"]
[Round "3.3"]
[White "Buss, Harald"]
[Black "Heine, Rolf"]
[Result "1-0"]
[WhiteElo "1823"]
[BlackElo "1813"]
[PlyCount "45"]
[EventDate "2004.09.11"]
[EventType "team-tourn"]
[EventRounds "9"]
[EventCountry "GER"]
[SourceTitle "EXT 2006"]
[Source "ChessBase"]
[SourceDate "2005.11.24"]
[SourceVersion "1"]
[SourceVersionDate "2005.11.24"]
[SourceQuality "1"]
[WhiteTeam "Muenster Indische Dame"]
[BlackTeam "Sendenhorst"]
[WhiteTeamCountry "GER"]
[BlackTeamCountry "GER"]

1. e4 c5 2. Nf3 Nc6 3. Bc4 g6 4. d4 cxd4 5. Nxd4 Nf6 6. Nc3 Bg7 7. Nxc6 bxc6 8. e5 Nd5 9. Nxd5 cxd5 10. Qxd5 0-0 11. Qxa8 Qc7 12. Qe4 Bb7 13. Qe2 Rc8 14. Bd3 Bxe5 15. f4 Bd4 16. Be3 Bxb2 17. 0-0 Bxa1 18. Rxa1 e5 19. fxe5 Qxe5 20. Re1 Qd5 21. c4 Qd6 22. Bh6 Qb8 23. Qb2 1-0

[Event "Muensterland Verbandsklasse-B 0203"]
[Site "Muensterland"]
[Date "2002.09.28"]
[Round "1.5"]
[White "Smyra, Werner"]
[Black "Buss, Harald"]
[Result "0-1"]
[WhiteElo "1765"]
[BlackElo "1835"]
[PlyCount "67"]
[EventDate "2002.09.28"]
[EventType "team-tourn"]
[EventRounds "9"]
[EventCountry "GER"]
[SourceTitle "EXT 2004"]
[Source "ChessBase"]
[SourceDate "2003.11.25"]
[SourceVersion "1"]
[SourceVersionDate "2003.11.25"]
[SourceQuality "1"]
[WhiteTeam "Luedinghausen"]
[BlackTeam "Muenster SK IV"]
[WhiteTeamCountry "GER"]
[BlackTeamCountry "GER"]

1. d4 Nf6 2. c4 e6 3. Nc3 c5 4. Nf3 cxd4 5. Nxd4 a6 6. e4 d6 7. Be2 Be7 8. 0-0 Qc7 9. Be3 b6 10. Rc1 Bb7 11. f3 Nbd7 12. Na4 0-0 13. Qc2 Rac8 14. Rfd1 Qb8 15. Qd2 Bd8 16. Qb4 Bc7 17. h3 d5 18. cxd5 exd5 19. Nf5 Bh2+ 20. Kf1 Rxc1 21. Rxc1 dxe4 22. fxe4 Bxe4 23. Ne7+ Kh8 24. Nxb6 Nxb6 25. Qxb6 Qg3 26. Bf3 Bxf3 27. gxf3 Qxf3+ 28. Ke1 Qxh3 29. Qc5 Re8 30. Nf5 g6 31. Ne7 Qe6 32. Kd2 Ne4+ 33. Kd1 Nxc5 34. Bxc5 0-1

[Event "Muensterland op 14th"]
[Site "Muenster"]
[Date "2000.??.??"]
[Round "4"]
[White "Buss, Harald"]
[Black "Haselhorst, Helmut"]
[Result "1/2-1/2"]
[WhiteElo "1830"]
[BlackElo "2165"]
[PlyCount "132"]
[EventDate "2000.??.??"]
[EventType "swiss"]
[EventRounds "7"]
[EventCountry "GER"]
[SourceTitle "EXT 2003"]
[Source "ChessBase"]
[SourceDate "2002.11.25"]
[SourceVersion "1"]
[SourceVersionDate "2002.11.25"]
[SourceQuality "1"]

1. a3 Nf6 2. Nc3 d5 3. d4 Bf5 4. Bg5 e6 5. e3 Be7 6. Bb5+ Nbd7 7. Bxf6 Bxf6 8. Nce2 0-0 9. Ng3 Bg6 10. f4 c5 11. Bxd7 Qxd7 12. c3 Be7 13. N1e2 f6 14. 0-0 c4 15. Rf2 b5 16. Nc1 a5 17. Qe1 f5 18. Nf1 b4 19. a4 b3 20. Nd2 Be8 21. Nf3 Qb7 22. Kh1 Bf6 23. Ne2 Bd7 24. g3 Qc8 25. Ne5 Bxe5 26. dxe5 Qe8 27. Nd4 Ra6 28. Qe2 Rb6 29. g4 fxg4 30. Qxg4 g6 31. Rg2 Kh8 32. Qg5 Qf7 33. Rg3 Rbb8 34. Rh3 Rg8 35. Rh6 Rg7 36. Kg2 Rf8 37. Kf2 Qe8 38. Rh3 Rff7 39. Rg3 Rg8 40. h4 Rff8 41. Qh6 Qe7 42. Qg5 Qg7 43. Rh1 h6 44. h5 gxh5 45. Qxg7+ Rxg7 46. Rxh5 Rxg3 47. Kxg3 Kh7 48. Rh1 Ra8 49. f5 exf5 50. e6 Bxa4 51. Kf4 Be8 52. Ke5 Rd8 53. Nxf5 h5 54. Nd6 Bg6 55. Kxd5 Kh6 56. Ke5 a4 57. e4 a3 58. bxa3 Ra8 59. Kf6 Ra6 60. Nf5+ Kh7 61. Rd1 Be8 62. Rd8 Bc6 63. Nh6 Bxe4 64. Nf7 Ra8 65. Ng5+ Kh6 66. Nf7+ Kh7 1/2-1/2